Palabra de Dios y exégesis

Guardat en:
Dades bibliogràfiques
Autor principal: Aulard, Stephane (Autor)
Format: Llibre
Idioma:espanyol
Publicat: Pamplona Verbo Divino 1992
Col·lecció:Cuadernos Bíblicos, 74
Matèries:
Etiquetes: Afegir etiqueta
Sense etiquetes, Sigues el primer a etiquetar aquest registre!

MARC

LEADER 00000nam a2200000 a 4500
001 UCX9997
003 CL-VaPUC
008 940706e19920000SP |||||||||||||||||spa|d
082 0 4 |a 220.6  |b AUL  |2 21 
100 0 |a Aulard, Stephane  |e author  |9 327543 
245 1 0 |a Palabra de Dios y exégesis 
300 |a 66 p 
942 |c BK 
945 |d 19940706 00:00:00  |a aalvarez 
260 |a Pamplona  |b Verbo Divino  |c 1992 
650 0 |a Biblia  |9 257603 
650 0 |a Hermenéutica  |9 269473 
650 0 |a Concilio Vaticano II  |9 258399 
583 |a last modification  |c 20130925 05:27:52  |k Rodrigo Vera 
490 0 |a Cuadernos Bíblicos, 74 
999 |c 229100  |d 229098 
952 |0 0  |1 0  |4 0  |6 220_600000000000000_AUL_1992  |7 0  |8 A  |9 229701  |a BIBTEO  |b BIBTEO  |d 2019-11-15  |i 2992140  |o 220.6 AUL 1992  |p 2992140  |r 2025-01-17  |w 2019-11-15  |y BK  |k ICR